Geometria descriptiva elemental / pel ... Ricard Madirolas Polit... ; pròleg de F. Gómez Carbonell
Descripción Física:
178 p., 27 p. d'apèndix, [7] f. pleg. : il. ; 22 cm
Colección:
Biblioteca tècnica professional ; 2
Otros Autores:
Gómez Carbonell, F.
Materias:
Geometria descriptiva
MARC
| LEADER | 00000nam a2200000Ia 4500 | ||
|---|---|---|---|
| 001 | 9258 | ||
| 003 | BGR | ||
| 005 | 20260324175334.0 | ||
| 008 | 160829s1935 xx 000 0 cat d | ||
| 080 | |a C-1-320 | ||
| 100 | |a Madirolas Polit, Ricard |9 27873 | ||
| 245 | |a Geometria descriptiva elemental / pel ... Ricard Madirolas Polit... ; pròleg de F. Gómez Carbonell | ||
| 260 | |a Barcelona : |b Generalitat de Catalunya. Escola del Treball de Barcelona, |c 1935 | ||
| 300 | |a 178 p., 27 p. d'apèndix, [7] f. pleg. : |b il. ; |c 22 cm | ||
| 490 | |a Biblioteca tècnica professional ; 2 | ||
| 590 | |a Amb l'autògraf de l'autor | ||
| 650 | |a Geometria descriptiva |9 20968 | ||
| 700 | 1 | |a Gómez Carbonell, F. |9 27874 | |
| 710 | 1 | |a Catalunya. |b Generalitat |9 12125 | |
| 710 | 2 | |a Escola del Treball (Barcelona, Catalunya) |9 54586 | |
| 901 | |a Arxiu | ||
| 942 | |n 1 |2 udc |c MON | ||
| 952 | |0 0 |1 0 |4 0 |6 C1320 |7 1 |9 44578 |a Arxiu |b Arxiu |d 2016-12-01 |l 0 |o C-1-320 |p 9258 |r 2016-12-01 00:00:00 |w 2016-12-01 |y ARXIU | ||
| 999 | |c 47159 |d 47159 | ||